000 00506nam a22001937a 4500
005 20240209051321.0
008 240209b |||||||| |||| 00| 0 eng d
020 _a0195797965.
082 _222
_a306,74.
_bFOU.
100 _aSaeed, Fouzia.
245 _aTaboo :
_bThe hidden culture of a red light area.,
_cFouzia Saeed.
250 _a1st
260 _aPakistan :
_bOxford university press /
_c2002,
300 _axxv, 324.
650 _afreedom.
650 _aSociety.
650 _aDignity
942 _cL
999 _c360
_d360